Shishu aru kaishur manobijnan/ (Record no. 11328)

MARC details
000 -LEADER
fixed length control field 00675nam a22002297a 4500
005 - DATE AND TIME OF LATEST TRANSACTION
control field 20220614132134.0
008 - FIXED-LENGTH DATA ELEMENTS--GENERAL INFORMATION
fixed length control field 220614b ||||| |||| 00| 0 eng d
020 ## - INTERNATIONAL STANDARD BOOK NUMBER
International Standard Book Number 9789391064440
040 ## - CATALOGING SOURCE
Original cataloging agency IN-DiNC
Transcribing agency IN-DiNC
041 ## - LANGUAGE CODE
Language code of sung or spoken text Assamese
082 ## - DEWEY DECIMAL CLASSIFICATION NUMBER
Classification number 155.4
Item number SHI
245 ## - TITLE STATEMENT
Title Shishu aru kaishur manobijnan/
Statement of responsibility, etc. by Daisy Rani Chutia and others
250 ## - EDITION STATEMENT
Edition statement 1st ed.
260 ## - PUBLICATION, DISTRIBUTION, ETC.
Place of publication, distribution, etc. Dibrugarh:
Name of publisher, distributor, etc. Mahaveer publications,
Date of publication, distribution, etc. 2022
300 ## - PHYSICAL DESCRIPTION
Extent 178p.
650 ## - SUBJECT ADDED ENTRY--TOPICAL TERM
Topical term or geographic name entry element Child and adolescent psychology
700 ## - ADDED ENTRY--PERSONAL NAME
Personal name Chutia, Daisy Rani
Relator term Author
700 ## - ADDED ENTRY--PERSONAL NAME
Personal name Hatibaruah, Manchun
Relator term Author
700 ## - ADDED ENTRY--PERSONAL NAME
Personal name Borthakur, Ambalika
Relator term Author
700 ## - ADDED ENTRY--PERSONAL NAME
Personal name Borsaikia, Merina
Relator term Author
942 ## - ADDED ENTRY ELEMENTS (KOHA)
Source of classification or shelving scheme Dewey Decimal Classification
Koha item type Books
Holdings
Withdrawn status Lost status Source of classification or shelving scheme Damaged status Not for loan Collection code Home library Current library Shelving location Date acquired Cost, normal purchase price Total Checkouts Full call number Barcode Date last seen Date last checked out Copy number Price effective from Koha item type
    Dewey Decimal Classification     Education Central Library, Naharkatiya College Central Library, Naharkatiya College General Stacks 14/06/2022 200.00 10 155.4 SHI 28865 21/05/2025 10/04/2025 1 14/06/2022 Books
    Dewey Decimal Classification     Education Central Library, Naharkatiya College Central Library, Naharkatiya College General Stacks 14/06/2022 200.00 8 155.4 SHI 28866 23/04/2025 27/03/2025 2 14/06/2022 Books
    Dewey Decimal Classification     Education Central Library, Naharkatiya College Central Library, Naharkatiya College General Stacks 14/06/2022 200.00 8 155.4 SHI 28867 19/05/2025 27/03/2025 3 14/06/2022 Books

Naharkatiya College © 2020. All rights reserved.

Powered By